[Event "Caspian Cup 19th"]
[Site "Rasht"]
[Date "2023.02.13"]
[Round "2"]
[White "Zahmati, Sobhan"]
[Black "Mousavi, Seyed Khalil"]
[Result "1/2-1/2"]
[WhiteElo "2131"]
[BlackElo "2540"]
[PlyCount "159"]
[EventDate "2023.02.12"]
[EventType "swiss"]
[EventRounds "9"]
[EventCountry "IRI"]
[SourceTitle "EXT 2024"]
[Source "ChessBase"]
[SourceDate "2023.10.10"]
[SourceVersion "1"]
[SourceVersionDate "2023.10.10"]
[SourceQuality "1"]

1. Nf3 c5 2. c4 Nc6 3. d4 cxd4 4. Nxd4 e6 5. Nc3 Nf6 6. Ndb5 d6 7. Bf4 e5 8. Bg5 a6 9. Na3 Be7 10. g3 Qb6 11. Na4 Qa5+ 12. Bd2 Qd8 13. Bg2 Be6 14. Nc3 d5 15. cxd5 Nxd5 16. 0-0 0-0 17. Nc2 Nxc3 18. Bxc3 Qb6 19. Ne3 Bc5 20. Nd5 Qa7 21. b4 Bd4 22. Bxd4 Nxd4 23. e3 Nc6 24. Qb3 Rad8 25. Rfd1 Rd7 26. Qb2 Rfd8 27. Nc3 a5 28. Rxd7 Rxd7 29. a3 h6 30. Na4 axb4 31. axb4 Qb8 32. Nc5 Rd6 33. b5 Nd8 34. b6 Bf5 35. h3 Nc6 36. g4 Bc8 37. Qa3 Kh7 38. Be4+ g6 39. Qb3 Nd8 40. Ra7 Kg7 41. Kg2 Rf6 42. Bd5 Nc6 43. Ra2 Ne7 44. Be4 h5 45. g5 Rd6 46. h4 Nc6 47. Qa3 Rd1 48. Qa8 Rc1 49. Qxb8 Nxb8 50. Ra8 Rxc5 51. Rxb8 Rc4 52. f3 Bf5 53. Bd5 Rc2+ 54. Kg3 Bc8 55. Bxb7 Bxb7 56. Rxb7 Rb2 57. Rb8 Kh7 58. b7 Kg7 59. f4 exf4+ 60. Kxf4 Rb1 61. Ke5 Rb5+ 62. Kd6 Rb1 63. e4 Rb2 64. Ke7 Rb1 65. e5 Rb2 66. Kd7 Rd2+ 67. Ke7 Rb2 68. Kd6 Rd2+ 69. Ke7 Rb2 70. Ke8 Rb1 71. Ke7 Rb2 72. e6 fxe6 73. Kxe6 Re2+ 74. Kd6 Rd2+ 75. Kc6 Rc2+ 76. Kd5 Rd2+ 77. Kc4 Rb2 78. Kc5 Rc2+ 79. Kd6 Rd2+ 80. Ke5 1/2-1/2

[Event "Asia-Oceania Uni"]
[Site "Tornelo INT"]
[Date "2022.12.23"]
[Round "7"]
[White "Mousavi, Seyed Khalil"]
[Black "Thiyasara, KT Thisen"]
[Result "1-0"]
[WhiteElo "2540"]
[BlackElo "1717"]
[PlyCount "47"]
[EventDate "2022.12.21"]
[EventType "swiss (rapid)"]
[EventRounds "9"]
[EventCountry "NET"]
[SourceTitle "CBM 211 Extra"]
[Source "ChessBase"]
[SourceDate "2023.01.31"]
[SourceVersion "1"]
[SourceVersionDate "2023.01.31"]
[SourceQuality "1"]

1. e4 c5 2. Nf3 Nc6 3. d4 cxd4 4. Nxd4 g6 5. Nc3 Bg7 6. Be3 Nf6 7. f3 0-0 8. Qd2 d5 9. 0-0-0 dxe4 10. Qe1 Qa5 11. Nb3 Qe5 12. f4 Qc7 13. h3 Be6 14. Nc5 Qc8 15. g4 b6 16. Ba6 Qb8 17. Nxe6 fxe6 18. Bc4 Na5 19. Bxe6+ Kh8 20. h4 Qc7 21. h5 gxh5 22. g5 Ng4 23. Rxh5 Nxe3 24. Qh4 1-0

[Event "Asia-Oceania Uni"]
[Site "Tornelo INT"]
[Date "2022.12.22"]
[Round "6"]
[White "Mousavi, Seyed Khalil"]
[Black "Chan, Yung Kang Jerome"]
[Result "1-0"]
[WhiteElo "2540"]
[BlackElo "1753"]
[PlyCount "55"]
[EventDate "2022.12.21"]
[EventType "swiss (rapid)"]
[EventRounds "9"]
[EventCountry "NET"]
[SourceTitle "CBM 211 Extra"]
[Source "ChessBase"]
[SourceDate "2023.01.31"]
[SourceVersion "1"]
[SourceVersionDate "2023.01.31"]
[SourceQuality "1"]

1. e4 c5 2. Nf3 d6 3. d4 cxd4 4. Nxd4 Nf6 5. Nc3 a6 6. Bc4 e5 7. Nf5 Bxf5 8. exf5 Be7 9. g4 Nfd7 10. g5 Nb6 11. Bb3 N8d7 12. Qh5 g6 13. fxg6 fxg6 14. Qf3 Rf8 15. Qh3 Nc5 16. Qxh7 Nxb3 17. Qxg6+ Kd7 18. axb3 Kc7 19. Be3 Nd7 20. Nd5+ Kb8 21. Qe6 Re8 22. Nxe7 Qxe7 23. Qxe7 Rxe7 24. h4 Kc7 25. h5 Rg8 26. g6 Re6 27. Ra4 b5 28. Rxa6 1-0

[Event "Asia-Oceania Uni"]
[Site "Tornelo INT"]
[Date "2022.12.21"]
[Round "2"]
[White "Sameer, Loay"]
[Black "Mousavi, Seyed Khalil"]
[Result "0-1"]
[WhiteElo "2153"]
[BlackElo "2540"]
[PlyCount "66"]
[EventDate "2022.12.21"]
[EventType "swiss (rapid)"]
[EventRounds "9"]
[EventCountry "NET"]
[SourceTitle "CBM 211 Extra"]
[Source "ChessBase"]
[SourceDate "2023.01.31"]
[SourceVersion "1"]
[SourceVersionDate "2023.01.31"]
[SourceQuality "1"]

1. Nf3 d5 2. g3 Nd7 3. d4 Nb6 4. Bg2 Nf6 5. 0-0 Bf5 6. a4 a5 7. b3 e6 8. Bf4 Ne4 9. Nh4 g5 10. Be5 f6 11. Nxf5 fxe5 12. Ne3 Bg7 13. dxe5 Bxe5 14. Ra2 Qe7 15. Bxe4 dxe4 16. c4 Nd7 17. Qc2 Nc5 18. Nd2 0-0-0 19. Nxe4 Na6 20. Qc1 h5 21. c5 h4 22. Ng4 hxg3 23. fxg3 Qh7 24. Qc4 Bd4+ 25. Nef2 Bxf2+ 26. Rxf2 Qb1+ 27. Kg2 Qxa2 28. c6 Qd2 29. e4 Qb4 30. Qxe6+ Kb8 31. Nf6 Nc5 32. Qe7 Rd2 33. Nd5 Qxe4+ 0-1

[Event "TUR-chT 1st League"]
[Site "Konya"]
[Date "2022.08.25"]
[Round "6.3"]
[White "Mousavi, Seyed Khalil"]
[Black "Petkov, Momchil"]
[Result "1/2-1/2"]
[WhiteElo "2537"]
[BlackElo "2496"]
[PlyCount "61"]
[EventDate "2022.08.22"]
[EventType "team-swiss"]
[EventRounds "9"]
[EventCountry "TUR"]
[SourceTitle "CBM 209 Extra"]
[Source "ChessBase"]
[SourceDate "2022.09.30"]
[SourceVersion "1"]
[SourceVersionDate "2022.09.30"]
[SourceQuality "1"]
[WhiteTeam "Istanbul Teknik Uni"]
[BlackTeam "Mercan Sanat"]
[WhiteTeamCountry "TUR"]
[BlackTeamCountry "TUR"]

1. e4 c5 2. Nf3 d6 3. d4 cxd4 4. Nxd4 Nf6 5. Nc3 a6 6. Bc4 e6 7. Be3 b5 8. Bb3 Be7 9. f3 0-0 10. Qd2 Bd7 11. g4 Nc6 12. a3 Qa5 13. 0-0-0 Rfc8 14. Kb1 Ne5 15. Nd5 Qxd2 16. Nxe7+ Kf8 17. Rxd2 Kxe7 18. Rhd1 a5 19. Bf4 Ra7 20. h4 Ne8 21. h5 Rb7 22. h6 g6 23. Bg5+ f6 24. Be3 Nc4 25. Bxc4 bxc4 26. c3 e5 27. Ne2 Be6 28. Ng3 g5 29. Nf5+ Bxf5 30. gxf5 a4 31. Kc1 1/2-1/2